[Event "Aimchess Rapid Div 2 W"]
[Site "chess.com INT"]
[Date "2023.07.12"]
[Round "3.2"]
[White "Kamsky, G."]
[Black "Sevian, Samuel"]
[Result "1-0"]
[WhiteElo "2655"]
[BlackElo "2698"]
[PlyCount "133"]
[EventDate "2023.07.10"]
[EventType "rapid"]

1. Nf3 d5 2. g3 c5 3. Bg2 Nc6 4. d4 Nf6 5. O-O e6 6. c4 dxc4 7. Na3 cxd4 8. Nxc4 Bc5 9. Bf4 ({RR} 9. a3 a5 10. b3 O-O 11. Bb2 Qc7 12. Nxd4 Rd8 13. Nb5 Qe7 14. Qc2 e5 15. Rad1 Bg4 16. h3 Bh5 17. Rxd8+ Rxd8 18. Rd1 Bg6 19. Rxd8+ Qxd8 20. Qd2 Qxd2 21. Nxd2 Bc2 22. e3 Kf8 23. Nc3 Ba7 {Carlsen,M (2859)-Sevian,S (2687) chess24.com INT 2022 1-0 (34)}) 9... O-O 10. Rc1 Nd5 11. Bd2 $146 ({RR} 11. Nce5 Nxf4 12. Nxc6 bxc6 13. gxf4 Bb6 14. Ne5 Bb7 15. Bxc6 Bxc6 16. Rxc6 Qd5 17. Qb3 Qxb3 18. axb3 Rfc8 19. Rfc1 Rxc6 20. Rxc6 Kf8 21. Nd7+ Ke7 22. Nxb6 axb6 23. Rxb6 Ra2 24. Rb7+ Kf6 25. Kg2 Rxb2 {Leko,P (2691)-Ganguly,S (2650) Riadh 2017 ½-½ (32)}) ({RR} 11. Be5 Nb6 12. Na5 Nxe5 13. Nxe5 Qe7 14. Nb3 Bd6 15. Qxd4 f6 16. Nc4 Nxc4 17. Qxc4 Kh8 18. Rfd1 e5 19. Nc5 Rb8 20. Ne4 Be6 21. Qd3 Bc7 22. Nc5 Rfd8 23. Qa3 Rxd1+ 24. Rxd1 Bb6 25. Nxe6 Qxe6 {Nguyen Ngoc Truong Son (2632)-Rozum,I (2443) chess.com INT 2025 1-0 (45)}) 11... Re8 12. Nce5 Bb6 13. Nxc6 bxc6 14. Rxc6 Bb7 15. Rc1 e5 16. Ng5 f5 17. h4 h6 18. Nh3 Kh8 19. Qb3 Qd7 20. a4 a5 21. Qf3 Rab8 22. Qh5 Nf6 23. Qg6 Bxg2 24. Kxg2 Ne4 25. Bxh6 gxh6 26. Rc6 Ba7 27. f3 Rxb2 28. fxe4 Rxe2+ 29. Rf2 d3 30. Qxh6+ Qh7 31. Qxh7+ Kxh7 32. Rc7+ Kg6 33. Rxa7 Rxe4 34. Ra6+ Kg7 35. Rd6 f4 36. Rxd3 Rxa4 37. gxf4 exf4 38. Nxf4 Re5 39. Kg3 Ra1 40. Rd7+ Kh6 41. Rd6+ Kg7 42. Rc2 Re7 43. Ne6+ Kh7 44. Rc7 Rxc7 45. Nxc7 a4 46. Ra6 a3 47. Ne6 Kg6 48. Nd4+ Kh5 49. Ra5+ Kh6 50. Nf3 Kg6 51. Kg4 Kh6 52. Ra6+ Kg7 53. h5 a2 54. Ra7+ Kf6 55. Ra6+ Kf7 56. Ra3 Kf6 57. Ra5 Kg7 58. Ra6 Kf7 59. h6 Rh1 60. Ng5+ Kf8 61. Ra8+ Ke7 62. h7 Kf6 63. Rxa2 Rg1+ 64. Kf4 Rf1+ 65. Kg3 Rh1 66. Ra8 Kxg5 67. h8=Q 1-0

[Event "Aimchess Rapid Div 3 L"]
[Site "chess.com INT"]
[Date "2023.07.11"]
[Round "3.3"]
[White "Pantsulaia, L."]
[Black "Kramnik, V."]
[Result "1-0"]
[WhiteElo "2564"]
[BlackElo "2753"]
[PlyCount "165"]
[EventDate "2023.07.10"]
[EventType "rapid"]

1. g3 d5 2. Nf3 Nf6 3. Bg2 Bg4 4. c4 c6 5. Ne5 Be6 6. cxd5 Bxd5 7. Nf3 c5 8. Nc3 Bc6 9. O-O g6 10. Qb3 Qb6 11. Ne5 Qxb3 12. axb3 Bxg2 13. Kxg2 Na6 $146 ({RR} 13... Nbd7 14. Nc4 a6 15. e4 O-O-O 16. d3 Bg7 17. Bf4 b5 18. Na5 e5 19. Be3 Kc7 20. Rfc1 Rb8 21. b4 Bf8 22. bxc5 Bxc5 23. Bxc5 Nxc5 24. Nd5+ {1-0 (24) Abhishek,K (2380)-Dargan,P (2159) Abu Dhabi 2016}) 14. d3 Bg7 15. Bd2 O-O 16. Ra5 Rfc8 17. Rfa1 Ne8 18. Nc4 Nec7 19. Be3 Ne6 20. Nd5 Kf8 21. Rb5 Rab8 22. b4 Rd8 23. bxc5 Rxd5 24. Rxa6 Nc7 25. Raa5 Nxb5 26. Rxb5 b6 27. Rb3 b5 28. Bf4 e5 29. Be3 Bf6 30. Na5 Be7 31. Rc3 Rc8 32. b4 f5 33. Ra3 Rd7 34. h4 Kf7 35. Nb3 Rc6 36. Ra1 Bf6 37. Ra5 a6 38. Ra2 Bd8 39. f4 Bc7 40. Kf3 Re6 41. fxe5 Bxe5 42. Bd2 Rde7 43. Be1 Rd7 44. Rc2 h6 45. Bd2 Kg7 46. Bf4 Bxf4 47. gxf4 Kf6 48. c6 Rc7 49. Nd4 Rd6 50. e3 Rd5 51. Rc1 Ke7 52. Rg1 Kf6 53. Ra1 Rxd4 54. exd4 Rxc6 55. d5 Rd6 56. Ke3 g5 57. hxg5+ hxg5 58. fxg5+ Kxg5 59. Rg1+ Kf6 60. Kd4 Rd8 61. Ra1 f4 62. Rxa6+ Kf5 63. Ra7 f3 64. Rf7+ Kg4 65. Kc5 Kg3 66. d6 f2 67. Kc6 Kg2 68. d7 f1=Q 69. Rxf1 Kxf1 70. Kc7 Rh8 71. d8=Q Rxd8 72. Kxd8 Ke2 73. d4 Kd3 74. d5 Kc4 75. d6 Kxb4 76. d7 Kb3 77. Kc7 b4 78. d8=Q Kc2 79. Qd4 Kb3 80. Qd3+ Kb2 81. Kb6 Ka2 82. Qc4+ Kb2 83. Qxb4+ 1-0

[Event "Aimchess Rapid Div 3 L"]
[Site "chess.com INT"]
[Date "2023.07.12"]
[Round "4.3"]
[White "Pantsulaia, L."]
[Black "Pichot, A."]
[Result "1-0"]
[WhiteElo "2564"]
[BlackElo "2633"]
[PlyCount "153"]
[EventDate "2023.07.10"]
[EventType "rapid"]

1. Nf3 Nf6 2. g3 b5 3. Bg2 Bb7 4. O-O e6 5. b3 Be7 6. c4 b4 ({RR} 6... a6 7. Nc3 b4 8. Na4 O-O 9. Bb2 d6 10. d4 Nbd7 11. Nd2 Bxg2 12. Kxg2 c5 13. e3 cxd4 14. Bxd4 Qc7 15. Qe2 Rfc8 16. e4 Nc5 17. Nxc5 dxc5 18. Bb2 a5 19. a4 bxa3 20. Rxa3 Nd7 21. Rfa1 {Artemiev,V (2700)-Maghsoodloo,P (2701) Chess.com INT 2022 1-0 (92)}) 7. d4 O-O 8. Bb2 d6 9. Re1 $146 ({RR} 9. Qc2 Nbd7 10. Nbd2 c5 11. Rad1 Rc8 12. Qb1 Qb6 13. e4 cxd4 14. Bxd4 Qc6 15. Rfe1 e5 16. Bxa7 Ra8 17. Be3 Qa6 18. Nh4 g6 19. Bg5 Qxa2 20. Qd3 Nc5 21. Qf3 Kg7 22. Bh3 h6 23. Bxf6+ Bxf6 {Ruck,R (2531)-Kuandykuly,D (2095) Samarkand UZB 2023 0-1 (40)}) ({RR} 9. Nbd2 Nbd7 10. Qc2 c5 11. e4 cxd4 12. Nxd4 Qb6 13. Rad1 a5 14. Rfe1 Rfc8 15. h3 Nc5 16. Kh2 a4 17. Qb1 g6 18. Nb5 e5 19. f4 Ncd7 20. Nf3 Rc5 21. Qd3 axb3 22. axb3 Ra6 23. fxe5 dxe5 {Ghosh,D (2566)-Sjugirov,S (2644) chess.com INT 2024 0-1}) 9... a5 10. Nbd2 a4 11. e4 a3 12. Bc1 e5 13. c5 dxc5 14. dxe5 Nxe4 15. Qc2 Nxd2 16. Bxd2 Nc6 17. Rad1 Qc8 18. Bg5 Qe6 19. Bxe7 Qxe7 20. Rd5 c4 21. Qxc4 Nd8 22. Rb5 c5 23. Rxc5 Ne6 24. Rb5 Rfd8 25. Qxb4 Qxb4 26. Rxb4 Bc6 27. Rc1 Ra6 28. Ne1 Bxg2 29. Kxg2 g6 30. Ra4 Rxa4 31. bxa4 Rd4 32. Rc3 Rxa4 33. Nc2 Ra5 34. Rxa3 Rxe5 35. Ne3 Rb5 36. Ra7 Rb2 37. Nc4 Rc2 38. Ne5 f5 39. a4 Ng5 40. a5 Ne4 41. Nd3 Rd2 42. a6 Ra2 43. Kf3 Nd6 44. Nc5 Ra5 45. Rc7 Nb5 46. Rb7 Nd6 47. Rb6 Nc4 48. Rb8+ Kf7 49. Rb7+ Kf6 50. a7 Ra3+ 51. Kg2 Nd6 52. Rb6 Rxa7 53. Rxd6+ Ke5 54. Rd7 Ra5 55. Nb7 Ra7 56. Rxh7 g5 57. Re7+ Kf6 58. Rd7 g4 59. Nc5 Ra5 60. Nd3 Ra3 61. Nf4 Ra4 62. Rd6+ Kf7 63. h4 gxh3+ 64. Kxh3 Ra2 65. Kg2 Ra4 66. Nd5 Kg7 67. Rf6 Rd4 68. Rxf5 Kg6 69. Ne3 Rd2 70. g4 Ra2 71. Kg3 Ra1 72. Ng2 Ra3+ 73. f3 Ra2 74. Nh4+ Kg7 75. g5 Ra1 76. Rb5 Ra4 77. f4 1-0

[Event "Aimchess Rapid Div 3 L"]
[Site "chess.com INT"]
[Date "2023.07.13"]
[Round "7.3"]
[White "Le, Quang Liem"]
[Black "Dominguez Perez, L."]
[Result "1-0"]
[WhiteElo "2728"]
[BlackElo "2739"]
[PlyCount "115"]
[EventDate "2023.07.10"]
[EventType "rapid"]

1. Nf3 d5 2. e3 Nf6 3. c4 e6 4. b3 Bd6 5. Bb2 O-O 6. Nc3 c5 7. cxd5 exd5 8. d4 cxd4 9. Nxd4 Nc6 10. Be2 Nxd4 11. Qxd4 Re8 12. O-O Be5 13. Qd3 Bg4 14. Rad1 Bxe2 15. Qxe2 d4 16. Nb5 Qb8 17. Nxd4 $146 ({RR} 17. f4 Bxf4 18. Bxd4 Bxh2+ 19. Kh1 Be5 20. Qf3 a6 21. Bxe5 Rxe5 22. Nd6 Qc7 23. Qxb7 Qxb7 24. Nxb7 Rxe3 25. Rf4 h5 26. Nc5 Ng4 27. Kg1 Rae8 28. Nxa6 Re2 29. Nb4 Ne3 30. Rd3 Rxg2+ 31. Kh1 Re2 {Santos Latasa,J (2615)-Bluebaum,M (2670) chess.com INT 2023 0-1 (32)}) 17... Bxh2+ 18. Kh1 Be5 19. Qf3 Qc8 20. Rd2 Qg4 21. Qxg4 Nxg4 22. Rfd1 g6 23. g3 Rad8 24. Kg2 a6 25. Ba3 h5 26. Nf3 Bf6 27. Rd7 Rxd7 28. Rxd7 Rc8 29. Ne1 Rd8 30. Rxd8+ Bxd8 31. Nd3 f5 32. Bc5 Nf6 33. Bd4 Nd7 34. Kf3 Kf7 35. e4 Bf6 36. Ke3 fxe4 37. Kxe4 g5 38. Be3 Kg6 39. f4 Bd8 40. fxg5 Bxg5 41. Bd4 Bf6 42. Be3 Bg5 43. Nf4+ Bxf4 44. Kxf4 Nf6 45. Bd2 Ng4 46. Ke4 Nf2+ 47. Ke5 Nd3+ 48. Kd4 Nf2 49. Be1 Nh3 50. Kc5 Kf5 51. Kb6 Ke4 52. Kxb7 Kf3 53. Kxa6 Ke2 54. Ba5 Ng5 55. b4 Ne4 56. b5 Nxg3 57. b6 Ne4 58. Bb4 1-0

[Event "Jana Maciei Mem 2023"]
[Site "Warsaw POL"]
[Date "2023.07.10"]
[Round "11.1"]
[White "Kazakouski, Valery"]
[Black "Bartel, Mat"]
[Result "1-0"]
[WhiteElo "2539"]
[BlackElo "2614"]
[PlyCount "71"]
[EventDate "2023.07.10"]

1. Nf3 d5 2. c4 d4 3. b4 g5 4. g3 ({RR} 4. h3 Bg7 5. d3 h6 6. g3 e5 7. Bg2 Ne7 8. g4 Be6 9. a4 Nd7 10. Ba3 Ng6 11. Nbd2 Nf4 12. Bf1 h5 13. Rg1 hxg4 14. hxg4 a5 15. b5 c5 16. bxc6 bxc6 17. Ne4 Bf8 18. Nfxg5 Bxa3 {Shapiro,D (2702)-Szpar,M (2923) Chess.com 2024 0-1 (39)}) ({RR} 4. h3 h6 5. d3 e5 6. a3 Bg7 7. g3 Ne7 8. Bg2 a5 9. b5 Nd7 10. O-O Nc5 11. Nbd2 a4 12. Ne1 Be6 13. Bb2 Qd7 14. Kh2 f5 15. Qc2 h5 16. e3 h4 17. exd4 exd4 18. Ndf3 hxg3+ {Bartel,M (2657)-Klimkowski,J (2531) chess.com INT 2024 0-1 (37)}) 4... h6 ({RR} 4... g4 5. Nh4 e5 6. Bg2 Be7 7. O-O Bxh4 8. gxh4 Qxh4 9. Qa4+ Bd7 10. Qa5 Nc6 11. Bxc6 Bxc6 12. Qxe5+ Kd7 13. b5 Nf6 14. bxc6+ bxc6 15. Qxd4+ Kc8 16. Bb2 {1-0 (16) Mekhitarian,K (2564)-Colville,J (2162) chess.com INT 2025}) 5. Bg2 Bg7 6. d3 Na6 $146 ({RR} 6... e5 7. Nbd2 Ne7 8. Nb3 Bf5 9. h4 g4 10. Nfd2 Qc8 11. a4 Nd7 12. Ba3 O-O 13. b5 Re8 14. Ne4 b6 15. a5 Be6 16. O-O f5 17. Ned2 Rb8 18. e3 dxe3 19. fxe3 f4 20. Bxe7 Rxe7 21. Bc6 {Medvegy,Z (2511)-Krstulovic,A (2433) Hungary HUN 2023 ½-½ (42)}) 7. Qb3 e5 8. Ba3 Ne7 9. Nbd2 O-O 10. O-O Re8 11. b5 Nb8 12. Ne4 Nd7 13. Rae1 Ng6 14. e3 Ndf8 15. exd4 exd4 16. Nfd2 Rb8 17. Nc5 Rxe1 18. Rxe1 b6 19. Na6 Bxa6 20. bxa6 c5 21. Bc1 Nd7 22. Ne4 Qc7 23. a4 f5 24. Nd2 Nde5 25. Nf3 Nc6 26. Qb5 Nb4 27. Bd2 Nxd3 28. Re6 Nde5 29. Nxe5 Nxe5 30. f4 Nf7 31. Bd5 Kh7 32. Qb1 Nd6 33. fxg5 hxg5 34. Bxg5 Re8 35. Rxe8 Nxe8 36. Qxf5+ 1-0

[Event "Titled Tue 11th Jul Late"]
[Site "chess.com INT"]
[Date "2023.07.11"]
[Round "5"]
[White "Svane, R."]
[Black "Nakamura, Hi"]
[Result "1-0"]
[WhiteElo "2625"]
[BlackElo "2787"]
[PlyCount "131"]
[EventDate "2023.07.11"]

1. Nf3 a6 2. g3 d6 ({RR} 2... g6 3. Bg2 Bg7 4. O-O d5 5. d3 Nc6 6. Nbd2 e5 7. e4 d4 8. Nb3 Nge7 9. c3 O-O 10. cxd4 exd4 11. Bf4 h6 12. h4 Bg4 13. Qd2 Kh7 14. Nh2 Bc8 15. Rac1 f6 16. g4 Ne5 17. Bg3 {Pantsulaia,L (2597)-Fedoseev,V (2719) St Petersburg 2018 0-1 (39)}) ({RR} 2... b5 3. Bg2 Bb7 4. O-O Nf6 5. d4 e6 6. Bg5 h6 7. Bxf6 Qxf6 8. Qd3 c5 9. c3 d5 10. Nbd2 Qd8 11. e4 Be7 12. exd5 Bxd5 13. dxc5 Bxc5 14. Ne5 Bxg2 15. Qxd8+ Kxd8 16. Nxf7+ Ke7 17. Nxh8 {Svane,R (2646)-Seo,J (2466) chess.com INT 2023 1-0 (42)}) 3. d4 ({RR} 3. Bg2 g6 4. O-O h6 5. d4 Bg7 6. b3 Nd7 7. Bb2 e6 8. c4 Ne7 9. Qc2 O-O 10. Nbd2 Rb8 11. a4 b6 12. e4 Bb7 13. Rfe1 Kh7 14. h4 e5 15. d5 f5 16. h5 f4 17. Bh3 g5 {Doknjas,N (2248)-Burke,P chess.com INT 2025 1-0}) 3... b5 $146 ({RR} 3... g6 4. Bg2 h6 5. c4 Bg7 6. Nc3 Nd7 7. O-O e6 8. e4 Ne7 9. Be3 O-O 10. Qd2 Kh7 11. Rac1 e5 12. d5 f5 13. Ne1 g5 14. f4 exf4 15. gxf4 g4 16. Nd3 {1-0 (16) Rios Escobar,A (2234)-Burke,P chess.com INT 2024}) 4. Bg2 Bb7 5. O-O Nf6 6. b3 Nbd7 7. c4 e6 8. Nc3 b4 9. Na4 c5 10. a3 a5 11. axb4 axb4 12. Bb2 Be7 13. dxc5 dxc5 14. Ne5 Bxg2 15. Kxg2 O-O 16. Nc6 Qe8 17. Qd3 Ra6 18. Nxe7+ Qxe7 19. Bxf6 Nxf6 20. Nb2 Rd6 21. Qf3 e5 22. Rfd1 e4 23. Qf4 Rd4 24. e3 Rdd8 25. Na4 Rd3 26. Qf5 Rfd8 27. Rdb1 Rd2 28. Qxc5 Qe6 29. Rb2 Qg4 30. Rxd2 Rxd2 31. Rf1 h5 32. Qxb4 h4 33. Qb8+ Kh7 34. Qf4 h3+ 35. Kg1 Qd7 36. Nc3 Qd3 37. Nd5 Nxd5 38. cxd5 Qxd5 39. Qh4+ Kg8 40. Qxh3 Rb2 41. Qc8+ Kh7 42. Qc4 Qxc4 43. bxc4 Rc2 44. Rd1 Rxc4 45. g4 Rc6 46. Kg2 g5 47. Rd5 f6 48. Rd7+ Kg6 49. Re7 Rc4 50. h3 Ra4 51. Kg3 Rb4 52. h4 gxh4+ 53. Kxh4 Ra4 54. Kg3 Rb4 55. Rd7 Rb1 56. Rd4 f5 57. Kf4 fxg4 58. Rxe4 Kh5 59. Re5+ Kh4 60. Re8 Kh3 61. e4 Rb4 62. Rg8 Rb2 63. Rh8+ Kg2 64. Kxg4 Rxf2 65. e5 Rf7 66. e6 1-0

[Event "Titled Tue 11th Jul Late"]
[Site "chess.com INT"]
[Date "2023.07.11"]
[Round "9"]
[White "Svane, R."]
[Black "Khanin, S."]
[Result "1-0"]
[WhiteElo "2625"]
[BlackElo "2574"]
[PlyCount "171"]
[EventDate "2023.07.11"]

1. Nf3 d5 2. g3 Nd7 3. d4 Nb6 4. Nc3 Nf6 5. Bg2 Bf5 6. Nh4 e6 7. Nxf5 exf5 8. Qd3 g6 9. a4 c6 10. O-O Bg7 11. Bg5 O-O 12. b3 a5 13. e3 $146 ({RR} 13. Bxf6 Qxf6 14. e3 h5 15. Ne2 h4 16. Rab1 Rfd8 17. c4 Bf8 18. Nf4 Bh6 19. Ne2 Bf8 20. Nf4 Bd6 21. Ne2 Bb4 22. Qc2 Rac8 23. Nf4 dxc4 24. bxc4 c5 25. d5 Re8 26. Rfd1 Rcd8 27. d6 Rxd6 {Injac,T (2411)-Navara,D (2674) chess.com INT 2024 0-1 (47)}) 13... Nc8 14. Ne2 Nd6 15. c4 Nde4 16. Bxf6 Bxf6 17. cxd5 Qxd5 18. Nf4 Qd6 19. Bxe4 fxe4 20. Qxe4 Qb4 21. Qc2 Rfe8 22. Nd3 Qd6 23. Nc5 Qe7 24. Rac1 h5 25. h3 Bg7 26. Qd1 Rad8 27. Qf3 b6 28. Nd3 c5 29. d5 Qd7 30. Nf4 Qf5 31. g4 hxg4 32. hxg4 Qg5 33. Rfd1 Be5 34. Rc4 Bd6 35. Kg2 Kg7 36. Rh1 Rh8 37. Rxh8 Rxh8 38. Rc1 Rh4 39. Kf1 Rxg4 40. Nh3 Qh5 41. Ke2 Rh4 42. Qxh5 Rxh5 43. Ng1 Rxd5 44. Nf3 f5 45. Nd2 Kf6 46. Nc4 Bc7 47. Rh1 Kg7 48. f4 Rd8 49. Rh3 g5 50. fxg5 Kg6 51. Nxb6 Kxg5 52. Nc4 Rb8 53. Rh7 Rc8 54. Rd7 Kf6 55. Rd5 Bd8 56. Kf3 Ke6 57. Rd6+ Ke7 58. Rd3 Rb8 59. Kf4 Ke6 60. Rd6+ Ke7 61. Kxf5 Rxb3 62. Re6+ Kd7 63. Ne5+ Kc7 64. Rc6+ Kb7 65. Rxc5 Bb6 66. Rd5 Rxe3 67. Nc4 Rb3 68. Ke4 Rb4 69. Kd3 Rxa4 70. Rb5 Rb4 71. Nxa5+ Kc7 72. Rxb4 Bxa5 73. Rb5 Bb6 74. Kc4 Kc6 75. Rg5 Bf2 76. Rg6+ Kb7 77. Kd5 Kb8 78. Kc6 Be3 79. Rg7 Ka8 80. Re7 Bf2 81. Kc7 Bg3+ 82. Kb6 Bf2+ 83. Ka6 Bg3 84. Rg7 Bf4 85. Rg4 Be5 86. Rc4 1-0

[Event "56th Biel GM 2023"]
[Site "Biel SUI"]
[Date "2023.07.20"]
[Round "3.1"]
[White "Keymer, Vincent"]
[Black "Le, Quang Liem"]
[Result "1-0"]
[WhiteElo "2690"]
[BlackElo "2728"]
[PlyCount "105"]
[EventDate "2023.07.18"]

1. Nf3 d5 2. g3 g6 3. Bg2 Bg7 4. d4 c6 5. O-O Nf6 6. c4 dxc4 7. a4 Ne4 8. Nc3 Nxc3 9. bxc3 O-O 10. a5 c5 11. Qa4 Nc6 12. Rd1 cxd4 13. Nxd4 $146 ({RR} 13. cxd4 Bd7 14. Qa3 b5 15. Qc5 Rc8 16. Qg5 Nxa5 17. Ba3 Bf6 18. Qh6 Nb3 19. Rab1 a5 20. Ng5 Bxg5 21. Qxg5 b4 22. Bb2 c3 23. Bxc3 Rxc3 24. Bd5 Be6 25. Bxe6 fxe6 26. Qe5 Qd5 27. Rxb3 Qxe5 {Bahmani,K (2207)-Schmider,N (2406) chess.com INT 2025 0-1}) 13... Nxd4 14. cxd4 Bg4 15. Ra2 Rc8 16. Bxb7 Rc7 17. a6 c3 18. Bf4 Rd7 19. d5 Bf5 20. Be3 c2 21. Rxc2 Bxc2 22. Qxc2 Qa5 23. Qb3 Rd6 24. Qc4 Rb6 25. Bxb6 Qxb6 26. Qe4 Qc5 27. Kg2 Bf6 28. Rd2 Rd8 29. Rc2 Qd4 30. Qxd4 Bxd4 31. e4 e6 32. Rc4 Be5 33. dxe6 fxe6 34. f4 Rd2+ 35. Kf3 Bd4 36. e5 Bg1 37. Bc8 Rxh2 38. Bxe6+ Kf8 39. Rc7 Ke8 40. Rb7 Kd8 41. Bg8 h5 42. Bf7 Rf2+ 43. Ke4 Re2+ 44. Kd5 Rd2+ 45. Kc6 Rd3 46. Bxg6 Rxg3 47. f5 Rc3+ 48. Kd5 Rd3+ 49. Ke6 h4 50. f6 Ra3 51. Kf7 Rxa6 52. e6 Kc8 53. Rb4 1-0

[Event "56th Biel GM 2023"]
[Site "Biel SUI"]
[Date "2023.07.20"]
[Round "3.4"]
[White "Amin, B."]
[Black "Erigaisi, Arjun"]
[Result "1-0"]
[WhiteElo "2694"]
[BlackElo "2710"]
[PlyCount "109"]
[EventDate "2023.07.18"]

1. Nf3 d5 2. g3 Nf6 3. Bg2 e6 4. O-O Be7 5. d3 O-O 6. Nbd2 c5 7. e4 Nc6 8. Re1 dxe4 9. dxe4 e5 10. c3 Qc7 11. h3 Rd8 12. Qe2 h6 13. Nh4 Be6 14. Nc4 b5 15. Ne3 Rab8 $146 ({RR} 15... c4 16. Nef5 Bf8 17. g4 Nh7 18. Ne3 Ne7 19. Nhf5 Rac8 20. Nxe7+ Qxe7 21. Nd5 Qh4 22. a4 a6 23. axb5 axb5 24. Ra5 Rb8 25. Qe3 Rdc8 26. Qg3 Qxg3 27. fxg3 Bc5+ 28. Kh2 Nf8 29. Bd2 Kh7 30. Rb1 {Schwalen,P (2054)-Stadtmann,J (2124) Germany 2015 0-1 (41)}) 16. Nhf5 Bf8 17. Qf3 Bxf5 18. Nxf5 Rb6 19. a4 Ne7 20. axb5 Nxf5 21. exf5 Rxb5 22. Qc6 Qb8 23. Rxa7 Rxb2 24. Rxf7 Rb6 25. Rb7 Rxb7 26. Qxb7 Qxb7 27. Bxb7 Rd3 28. c4 Bd6 29. Bc8 e4 30. Be3 Kf7 31. Be6+ Ke8 32. Ra1 Bxg3 33. Ra8+ Ke7 34. Bxc5+ Bd6 35. Ra7+ Kf8 36. Ra8+ Ke7 37. Ra7+ Kf8 38. Bxd6+ Rxd6 39. Rf7+ Ke8 40. Rxg7 Rd1+ 41. Kg2 Rd2 42. Kf1 Rc2 43. Ke1 Nh5 44. Rg4 Ke7 45. Rxe4 Kf6 46. Rh4 Kg5 47. Rg4+ Kf6 48. f3 Ke5 49. Re4+ Kf6 50. Rh4 Ng3 51. Rxh6+ Kg5 52. Rg6+ Kf4 53. Kd1 Rf2 54. Rg4+ Kxf3 55. Bd5+ 1-0

[Event "56th Biel GM Blitz 2023"]
[Site "Biel SUI"]
[Date "2023.07.22"]
[Round "8.4"]
[White "Keymer, Vincent"]
[Black "Deac, Bogdan-Daniel"]
[Result "1-0"]
[WhiteElo "2690"]
[BlackElo "2693"]
[PlyCount "51"]
[EventDate "2023.07.22"]
[EventType "blitz"]

1. Nf3 d5 2. e3 c5 3. b3 a6 4. Bb2 Nc6 5. g3 d4 6. Bg2 g6 ({RR} 6... e5 7. O-O Bd6 8. exd4 cxd4 9. c3 d3 10. Na3 Nge7 11. Nc4 Bc7 12. Re1 f6 13. a4 O-O 14. Ba3 Re8 15. Qb1 Be6 16. Nb2 Bxb3 17. Nxd3 Bf7 18. Nc5 b6 19. Ne4 Qd7 20. d4 exd4 21. a5 {Dubov,D (2701)-Khayrullin,D (2399) Moscow RUS 2025 ½-½ (56)}) 7. O-O ({RR} 7. exd4 Bg7 8. c3 cxd4 9. c4 Nh6 10. O-O O-O 11. d3 Bf5 12. Na3 e5 13. Nh4 Bg4 14. Qd2 Nf5 15. Nxf5 Bxf5 16. b4 Re8 17. Nc2 Qd7 18. Rfe1 b5 19. c5 Bh3 20. Bh1 Be6 21. a3 Bd5 {Deac,B (2700)-Bluebaum,M (2661) chess.com INT 2023 0-1 (37)}) 7... Bg7 8. exd4 cxd4 9. Na3 $146 ({RR} 9. c4 dxc3 10. dxc3 Bf5 11. Nh4 Be6 12. Qe2 Nf6 13. Rd1 Qa5 14. c4 O-O 15. Nc3 Rad8 16. Nf3 Bg4 17. Qe3 Qh5 18. Ne2 e5 19. Rxd8 Rxd8 20. Nxe5 Bxe2 21. Nxc6 bxc6 22. Qb6 Rf8 23. Re1 Bf3 {Wei,Y (2707)-Inarkiev,E (2709) Doha 2016 0-1 (33)}) 9... Rb8 10. c4 Nh6 11. Re1 O-O 12. d3 b5 13. Qd2 Nf5 14. h4 h6 15. Rac1 Bd7 16. h5 gxh5 17. cxb5 axb5 18. Rc5 b4 19. Nc4 e6 20. Qf4 Nce7 21. Nxd4 Ng6 22. Qe4 Nxd4 23. Bxd4 Bxd4 24. Qxd4 Bb5 25. Qe3 Kg7 26. Rxh5 1-0

[Event "56th Biel GM Blitz 2023"]
[Site "Biel SUI"]
[Date "2023.07.22"]
[Round "10.4"]
[White "Amin, B."]
[Black "Keymer, Vincent"]
[Result "1-0"]
[WhiteElo "2694"]
[BlackElo "2690"]
[PlyCount "165"]
[EventDate "2023.07.22"]
[EventType "blitz"]

1. Nf3 d5 2. g3 c6 3. Bg2 Bg4 4. O-O Nd7 5. h3 Bh5 6. d3 Ngf6 7. Nbd2 e5 8. e4 Bd6 9. exd5 Nxd5 10. Nc4 Bc7 11. g4 Bg6 12. Re1 O-O 13. Nfxe5 Nxe5 14. Nxe5 f5 $146 ({RR} 14... Re8 15. Nxg6 fxg6 16. Rxe8+ Qxe8 17. Bxd5+ cxd5 18. Be3 Qf7 19. c3 h5 20. Qf1 Re8 21. Re1 Kh7 22. a3 a6 23. Qg2 b5 24. Kf1 Be5 25. Bc1 Re6 26. Qxd5 Bg3 27. Re2 Rf6 28. Qxf7 Rxf7 29. Kg2 {Adly,A (2626)-Pogonina,N (2465) Sitges 2018 1-0 (37)}) 15. g5 Bxe5 16. Rxe5 f4 17. Qg4 Qd6 18. d4 Nb4 19. Bxf4 Qxd4 20. Bg3 Nxc2 21. Rd1 Qxg4 22. hxg4 Rae8 23. Rxe8 Rxe8 24. Rd7 Ne1 25. Bh1 Be4 26. Rxb7 Nf3+ 27. Kf1 Nd2+ 28. Ke2 Bxh1+ 29. Kxd2 a5 30. Ra7 Rd8+ 31. Kc3 Rd5 32. f4 Bf3 33. Bf2 Bxg4 34. Bd4 Bd7 35. Be5 g6 36. Bc7 Kf7 37. Bxa5 Ke6 38. Bc7 c5 39. b3 Bb5 40. a4 Be2 41. Be5 Kf5 42. Rxh7 Rd3+ 43. Kc2 Ke4 44. Re7 Bd1+ 45. Kc1 Bxb3 46. a5 Bc4 47. Rc7 Ra3 48. Rxc5 Be6 49. Kb2 Ra2+ 50. Kc3 Ra4 51. Bc7 Kf3 52. Rc6 Bf5 53. Kb3 Ra1 54. Kb4 Bd3 55. Kc5 Be4 56. Re6 Rc1+ 57. Kb6 Rb1+ 58. Kc5 Rc1+ 59. Kd6 Rc6+ 60. Kd7 Rc1 61. Kd8 Ra1 62. Rd6 Kg4 63. Kc8 Rb1 64. a6 Bf5+ 65. Kd8 Ra1 66. Bb8 Rc1 67. a7 Ra1 68. Ke7 Be4 69. Kf7 Kh5 70. Rd4 Bc2 71. Rd2 Be4 72. Rh2+ Kg4 73. Rh6 Ra6 74. Rh8 Bd5+ 75. Kg7 Be4 76. Re8 Kf3 77. Rf8 Ra4 78. Rf6 Kg4 79. Re6 Bd3 80. Rc6 Be4 81. Rb6 Kh5 82. Re6 Kg4 83. Rxe4 1-0

[Event "ch-HUN Rapid 2023"]
[Site "Ajka HUN"]
[Date "2023.07.22"]
[Round "9.4"]
[White "Gledura, B."]
[Black "Balog, I1."]
[Result "1-0"]
[WhiteElo "2645"]
[BlackElo "2622"]
[PlyCount "67"]
[EventDate "2023.07.21"]
[EventType "rapid"]

1. Nf3 g6 2. d4 Bg7 3. e4 d6 4. Bb5+ c6 5. Bd3 c5 6. d5 Nf6 7. c4 ({RR} 7. O-O c4 8. Bxc4 Nxe4 9. Re1 Nf6 10. Qe2 Bg4 11. Nbd2 Nbd7 12. h3 Bxf3 13. Nxf3 Nb6 14. Bb3 Rc8 15. Be3 O-O 16. Rad1 Qc7 17. Bd4 Nbd7 18. c3 Rfe8 19. Nd2 a6 20. Ne4 Nxe4 21. Qxe4 Nc5 {Stremavicius,T (2538)-Narva,M (2416) Kuressaare EST 2024 1-0 (65)}) 7... e6 8. O-O O-O 9. h3 b5 $146 ({RR} 9... a6 10. Nc3 Re8 11. Rb1 Qc7 12. Re1 Nbd7 13. dxe6 fxe6 14. Bf1 Nh5 15. g4 Nhf6 16. Bf4 Ne5 17. Nxe5 dxe5 18. Be3 Bd7 19. Qc2 Bf8 20. a3 Rec8 21. Bg5 Ne8 22. Qd2 Nd6 23. f4 Re8 24. f5 {Lokesh,P (2251)-Dzhumaev,M (2532) Chennai 2014 0-1 (37)}) 10. dxe6 Bxe6 11. cxb5 a6 12. Nc3 axb5 13. Bxb5 Qb6 14. a4 Rd8 15. Ng5 Nc6 16. Be3 d5 17. Nxe6 fxe6 18. Bg5 d4 19. Nb1 Rf8 20. Nd2 Nb4 21. Qb3 Ra7 22. Qd1 Nh5 23. Nb3 Rc7 24. a5 Qd6 25. a6 Nf4 26. Bxf4 Qxf4 27. a7 Ra8 28. Qc1 Qxc1 29. Raxc1 Raxa7 30. Rxc5 Rxc5 31. Nxc5 Ra2 32. Nxe6 Rxb2 33. Nxg7 Kxg7 34. Rd1 1-0

[Event "ch-HUN Rapid 2023"]
[Site "Ajka HUN"]
[Date "2023.07.23"]
[Round "10.1"]
[White "Maghsoodloo, Parham"]
[Black "Gledura, B."]
[Result "1-0"]
[WhiteElo "2719"]
[BlackElo "2645"]
[PlyCount "65"]
[EventDate "2023.07.21"]
[EventType "rapid"]

1. Nf3 d5 2. g3 g6 3. c4 dxc4 4. Na3 Bg7 5. Nxc4 Nc6 6. Bg2 e5 7. Qa4 Bd7 8. Na5 Qc8 9. Nxc6 Bxc6 10. Qc4 Ne7 11. h4 h6 12. d3 O-O $146 ({RR} 12... Nf5 13. e4 Nd6 14. Qb3 O-O 15. Bd2 a5 16. a4 Bd7 17. Bc3 Re8 18. O-O Bg4 19. Rfe1 b6 20. Rac1 c5 21. Qxb6 Re6 22. Qb3 Re8 23. Bd2 Be6 24. Qa3 Bf8 25. Nxe5 c4 26. Qa1 Qb7 27. d4 {Maghsoodloo,P (2680)-Gharibyan,M (2473) chess.com INT 2025 1-0 (38)}) 13. e4 Bd7 14. h5 g5 15. Nxg5 hxg5 16. Bxg5 Nc6 17. h6 Bh8 18. h7+ Kg7 19. Bh6+ Kf6 20. f4 Re8 21. Bg5+ Kg7 22. f5 Rd8 23. Bh6+ Kf6 24. Qc1 Rg8 25. hxg8=Q Qxg8 26. Kf2 Ke7 27. Qc5+ Ke8 28. Qf8+ Qxf8 29. Bxf8 Bf6 30. Ba3 Bc8 31. Rh6 Bg7 32. Rh7 Bf6 33. Rah1 1-0